Ikona ženy v reklame - minulosť verzus súčasnosť

Historické súvislosti ovplyvňujúce symbol ženy v reklame. Obraz ženy v reklame je najčastejšie prezentovaný symbolom materskej lásky, istoty, zodpovednosti, elegancie, úspechu, zvodnosti či náznakov erotiky. Zvyčajne má žena v reklame spĺňať čo najprísnejšie predstavy mužov o postavení ženy v spoloč...

Description complète

Enregistré dans:
Détails bibliographiques
Auteur principal: Nimrichterová, Jana
Format: Chapitre de livre
Langue:slovaque
Sujets:
Tags: Ajouter un tag
Pas de tags, Soyez le premier à ajouter un tag!

MARC

LEADER 00000naa$a2200000$$$4500
001 0127966
005 20240614122316.2
041 0 |a slo 
044 |a CZ 
245 1 0 |a Ikona ženy v reklame - minulosť verzus súčasnosť  |c Jana Nimrichterová 
520 |a Historické súvislosti ovplyvňujúce symbol ženy v reklame. Obraz ženy v reklame je najčastejšie prezentovaný symbolom materskej lásky, istoty, zodpovednosti, elegancie, úspechu, zvodnosti či náznakov erotiky. Zvyčajne má žena v reklame spĺňať čo najprísnejšie predstavy mužov o postavení ženy v spoločnosti. 
610 2 0 |a ženy 
610 2 0 |a reklama 
100 1 |a Nimrichterová, Jana